| 000 | 00307 a2200121 4500 | ||
|---|---|---|---|
| 999 |
_c321874 _d321874 |
||
| 001 | 86801 | ||
| 003 | NUST | ||
| 005 | 20180120154302.0 | ||
| 008 | 180120b xxu||||| |||| 00| 0 eng d | ||
| 082 | _a891.4392 UMA | ||
| 100 |
_aUmaira Ahmed _9743 |
||
| 245 |
_aZindagi Gulzaar Hain _hUrdu _cumera ahmed |
||
| 260 |
_aLahore _bIlm-o-Irfan Publishers _c2012 |
||
| 300 | _a160p. | ||
| 942 |
_aCAE NUST _cBK _k891.4392 UMA _2ddc |
||